| 000 | 01219nam a22002177a 4500 | ||
|---|---|---|---|
| 003 | OSt | ||
| 005 | 20211206123700.0 | ||
| 008 | 140610b xxu||||| |||| 00| 0 eng d | ||
| 020 | _a9781408045244 | ||
| 040 | _cLC | ||
| 050 | _aHD31.C67 | ||
| 100 | _aCole, Gerald A. | ||
| 245 |
_aManagement: theory and practice. / _cG. A. Cole and Phil Kelly |
||
| 250 | _a7th ed. | ||
| 260 |
_aAndover, England: _bBookPower/Cengage Learning, _c2011. |
||
| 300 |
_axvi, 608 p.: _bill.; |
||
| 500 | _aIncludes index, glossary and appendix. | ||
| 505 | _aContents: 1. Management theory: Introduction -- Classical theories of management -- Human relations and social psychological theories -- Theories of leadership and group behaviour -- Systems and contingency approaches to management theory -- Modern approaches to management theory -- 2. Management in practice: The context of management -- Management planning -- Organising for management -- Control in management -- 3. Functional management-marketing, production, personnel and financial: Marketing management -- Production management -- Personnel management -- Financial aspects of management -- Appendix -- Glossary -- Index. | ||
| 700 | _aKelly, Phil. | ||
| 942 |
_2lcc _cBK |
||
| 999 |
_c8195 _d15695 |
||